Contabilidad comercial: mejores recursos humanos en la empresa (Registro nro. 4899)
[ vista simple ]
| 000 -CABECERA | |
|---|---|
| campo de control de longitud fija | 00950aam a2200313 4500 |
| 005 - FECHA Y HORA DE ACTUALIZACIÓN | |
| campo de control | 20170125162408.0 |
| 008 - LONGITUD FIJA | |
| campo de control de longitud fija | 150421b xxu||||| |||| 00| 0 spa d |
| 041 ## - IDIOMA | |
| Código de idioma del texto/pista de sonido o título separado | |
| 082 ## - CLASIFICACIÓN DECIMAL DEWEY | |
| Número de clasificación | 657 B687c |
| 100 ## - AUTOR PERSONAL | |
| Nombre de persona | Bolano A., Cesar A |
| 100 ## - AUTOR PERSONAL | |
| Nombre de persona | Álvarez Niño, Jorge |
| 245 ## - TÍTULO PROPIAMENTE DICHO | |
| Título | Contabilidad comercial: mejores recursos humanos en la empresa |
| 260 ## - PIE DE IMPRENTA | |
| Lugar de publicación, distribución, etc. | Colombia |
| Nombre del editor, distribuidor, etc. | Norma |
| Fecha de publicación, distribución, etc. | 2001 |
| 300 ## - DESCRIPCIÓN FÍSICA | |
| Extensión | 381 páginas |
| 650 ## - Materia General | |
| Materia general | CONTABILIDAD |
| 650 ## - Materia General | |
| Materia general | CUENTAS |
| 650 ## - Materia General | |
| Materia general | ANÁLISIS DE CUENTAS |
| 650 ## - Materia General | |
| Materia general | COMPROBANTES |
| 650 ## - Materia General | |
| Materia general | LIBROS DE CONTABILIDAD |
| 650 ## - Materia General | |
| Materia general | INVENTARIOS |
| 650 ## - Materia General | |
| Materia general | HOJAS DE TRABAJO |
| 650 ## - Materia General | |
| Materia general | ESTADOS FINANCIEROS |
| 650 ## - Materia General | |
| Materia general | SOCIEDADES DE PERSONAS |
| 650 ## - Materia General | |
| Materia general | SOCIEDADES ANÓNIMAS |
| 650 ## - Materia General | |
| Materia general | INVERSIONES |
| 650 ## - Materia General | |
| Materia general | PROCESOS CONTABLES |
| 650 ## - Materia General | |
| Materia general | RETENCIÓN EN LA FUENTE |
| 942 ## - Punto de Acceso Adicional Koha | |
| Tipo de ítem Koha | Libro |
| Estado perdido | Estado dañado | No para préstamo | Biblioteca permanente | Biblioteca actual | Signatura completa | Código de barras | Precio efectivo a partir del | Tipo de ítem |
|---|---|---|---|---|---|---|---|---|
| Departamento de Biblioteca y Documentación Alfonso Chase Brenes | Departamento de Biblioteca y Documentación Alfonso Chase Brenes | 657 B687c | 13733 | 25/01/2017 | Libro |